Les damnés de la caisse. Grève dans un hypermarché, par Marlène Benquet(Ed. du croquant, 2011, 236 p.) ; Les chômeurs de Moulinex, par Manuella Roupnel-Fuentes(PUF, 2011, 359 p.) (notice n° 1643283)
[ vue normale ]
| 000 -LEADER | |
|---|---|
| fixed length control field | 01675cam a2200169 4500500 |
| 005 - DATE AND TIME OF LATEST TRANSACTION | |
| control field | 20260201164817.0 |
| 041 ## - LANGUAGE CODE | |
| Language code of text/sound track or separate title | fre |
| 042 ## - AUTHENTICATION CODE | |
| Authentication code | dc |
| 100 10 - MAIN ENTRY--PERSONAL NAME | |
| Personal name | Marmet, Carole |
| Relator term | author |
| 245 00 - TITLE STATEMENT | |
| Title | Les damnés de la caisse. Grève dans un hypermarché, par Marlène Benquet(Ed. du croquant, 2011, 236 p.) ; Les chômeurs de Moulinex, par Manuella Roupnel-Fuentes(PUF, 2011, 359 p.) |
| 260 ## - PUBLICATION, DISTRIBUTION, ETC. | |
| Date of publication, distribution, etc. | 2013.<br/> |
| 500 ## - GENERAL NOTE | |
| General note | 96 |
| 520 ## - SUMMARY, ETC. | |
| Summary, etc. | Deux familles. Deux très jeunes enfants sont accueillis en CMPP (Centre médico-psycho-pédagogique), accompagnés par leurs parents. Dans les deux cas de figure, les pères se sont faits esclaves de leur enfant dont ils ont fait un tyran et un adorable maître . C’est bien évidemment d’autorité dont il est question ici, celle qui fait d’ailleurs probablement question depuis l’origine du tout vivre ensemble . Où l’on s’aperçoit que l’autorité autre pourrait être celle de la parole de l’analyste. |
| 520 ## - SUMMARY, ETC. | |
| Summary, etc. | The forbidden authority and the adorable servitude. His majesty babyTwo families. Two very young children are welcomed in a CMPP (medical-psycho-pedagogical centre), accompanied by their parents. In both cases, the fathers have become slaves of their child who they have transformed into tyrant and a lovely master . This is obviously about authority, which is probably questioned from the origin of the whole living together . This is where we realize that the other authority could be that of the analyst's word... |
| 786 0# - DATA SOURCE ENTRY | |
| Note | Le Sociographe | 41 | 1 | 2013-03-01 | p. 126a-139a | 1297-6628 |
| 856 41 - ELECTRONIC LOCATION AND ACCESS | |
| Uniform Resource Identifier | <a href="https://shs.cairn.info/revue-le-sociographe-2013-1-page-126a?lang=fr&redirect-ssocas=7080">https://shs.cairn.info/revue-le-sociographe-2013-1-page-126a?lang=fr&redirect-ssocas=7080</a> |
Pas d'exemplaire disponible.




Réseaux sociaux